| 000 | 02352nam a2200553 i 4500 | ||
|---|---|---|---|
| 001 | 29403 | ||
| 003 | KOSZ 005 | ||
| 005 | 20210407145313.0 | ||
| 008 | 970903s1990 pl a |000 0 pol | ||
| 015 | _aUWD 1990/7541 | ||
| 035 | _a991002377269705066 | ||
| 035 | _a(PL-WaBN)b10655736-48omnis_nlop | ||
| 035 | _ab10655736 | ||
| 035 | _a(OCoLC)749563186 | ||
| 035 | _azz2004856001 | ||
| 035 | _a(PL)b0000001065573 | ||
| 035 | _a(EXLNZ-48OMNIS_NETWORK)9910314944105606 | ||
| 040 |
_aWA N _cWA N _dKOSZ 005/HR |
||
| 041 | 0 |
_apol _beng _brus |
|
| 046 | _k1990 | ||
| 080 | _a539.3 | ||
| 080 | _a621.01 | ||
| 100 | 1 |
_aWrzecioniarz, Piotr Antoni _eAutor |
|
| 245 | 1 | 0 |
_aInterakcja stateczności lokalnej i globalnej w konstrukcjach trójwarstwowych / _cPiotr A. Wrzecioniarz. |
| 246 | 1 | 3 | _aInteraction of local and overall stability in sandwich plates |
| 260 |
_aWrocław : _bWydaw. PW, _c1990. |
||
| 300 |
_a181, [3] s. : _bfot., rys., wykr. ; _c24 cm. |
||
| 336 |
_aTekst _btxt _2rdacontent |
||
| 337 |
_aBez urządzenia pośredniczącego _bn _2rdamedia |
||
| 338 |
_aWolumin _bnc _2rdacarrier |
||
| 380 | _aKsiążki | ||
| 380 | _aPublikacje naukowe | ||
| 388 | _a1901-2000 | ||
| 388 | _a1989-2000 | ||
| 490 | 1 |
_aPrace Naukowe Instytutu Konstrukcji i Eksploatacji Maszyn Politechniki Wrocławskiej. Monografie = _aScientific Papers of the Institute of Machine Construction and Exploitation of the Technical University of Wrocław. Monographs, _x0324-962X ; _v14 |
|
| 500 | _aNumeracja ser. gł. : 60. | ||
| 500 | _aTyt. równol. : Interaction of local and overall stability in sandwich plates. - Na 2 s. okł. odmienna nazwa serii : Prace Naukowe Politechniki Wrocławskiej. | ||
| 504 | _aBibliogr. s. 173-179. - Rez., summ. | ||
| 650 | 7 |
_aOkładziny _2DBN |
|
| 650 | 7 |
_aPłyty konstrukcyjne _2DBN |
|
| 650 | 7 | _aMechanika | |
| 650 | 7 |
_aStateczność _2DBN |
|
| 658 | _aInżynieria i technika | ||
| 830 | 0 |
_aPrace Naukowe Instytutu Konstrukcji i Eksploatacji Maszyn Politechniki Wrocławskiej _v60 |
|
| 830 | 0 |
_aPrace Naukowe Instytutu Konstrukcji i Eksploatacji Maszyn Politechniki Wrocławskiej. _pMonografie _v14 |
|
| 856 |
_uhttp://koha.tu.koszalin.pl/cgi-bin/koha/opac-detail.pl?biblionumber=29403 _yKatalog online BPK |
||
| 942 |
_2UKD _cKS |
||
| 999 |
_c29403 _d29403 |
||